The offensive Internet (Record no. 132203)
[ view plain ]
| 000 -LEADER | |
|---|---|
| fixed length control field | 01404nam a2200349Ia 4500 |
| 082 04 - DEWEY DECIMAL CLASSIFICATION NUMBER | |
| Classification number | 343.7309/944 |
| 245 04 - TITLE STATEMENT | |
| Title | The offensive Internet |
| 260 ## - PUBLICATION, DISTRIBUTION, ETC. (IMPRINT) | |
| Place of publication | Cambridge, MA : |
| Name of publisher | Harvard University Press, |
| Year of publication | 2010. |
| 300 ## - PHYSICAL DESCRIPTION | |
| Number of Pages | vi, 299 p. |
| 650 #0 - SUBJECT ADDED ENTRY--TOPICAL TERM | |
| Topical Term | Internet |
| Topical Term | Libel and slander |
| Topical Term | Privacy, Right of |
| Topical Term | Reputation (Law) |
| 700 1# - ADDED ENTRY--PERSONAL NAME | |
| Personal name | Levmore, Saul X. |
| Personal name | Nussbaum, Martha Craven, |
| 856 40 - ELECTRONIC LOCATION AND ACCESS | |
| Uniform Resource Identifier | http://site.ebrary.com/lib/rucke/Doc?id=10466306 |
No items available.
